| 000 | 00670 a2200217 4500 | ||
|---|---|---|---|
| 502 | _aThèse d'exercice | ||
| 653 | 1 | _aSciences agronomiques | |
| 100 | _aAdéossi, Bertin | ||
| 300 | _aXXII-132 p. | ||
| 245 | _aEtude de la situation alimentaire et nutritionnelle de population du district rural de Dogbo (province du Mono) | ||
| 650 | _aNIVEAU ALIMENTAIRE | ||
| 650 | _aBESOIN NUTRITIONNEL | ||
| 650 | _aPOPULATION | ||
| 130 | _lFr | ||
| 710 | _aAbomey-Calavi, Université nationale du Bénin, Faculté des Sciences Agronomiques, BJ | ||
| 041 | _bFr | ||
| 041 | _bEn | ||
| 653 | 1 | _aNutrition et sciences agro-alimentaires | |
| 651 | _aBENIN | ||
| 999 |
_c30104 _d30104 |
||